| 000 | 00695nam a2200193 a 4500 | ||
|---|---|---|---|
| 005 | 20210219151450.0 | ||
| 008 | 991125s1982 mx 000 0 spa u | ||
| 020 | _a9688011339 | ||
| 035 | _aUPN01000034543 | ||
| 049 | _aSEP | ||
| 050 | 4 |
_aQA76 _bH6.4 |
|
| 100 | 1 | _aHogrebe, Edmundo | |
| 245 | 1 | 0 |
_aLegislación y reglamentación referente al impacto de las nuevas tecnologías de la información en Europa : _blos casos de Noruega, Suecia, Francia y Alemania : subprograma tres / _cEdmundo Hogrebe |
| 260 |
_aMéxico : _bILCE, _c1982. |
||
| 300 | _a27 p. | ||
| 440 | 0 | _aProspectiva año 2000 | |
| 650 | 4 |
_aINFORMACION - _xSISTEMAS DE ALMACENAMIENTO Y RECUPERACION - _zNORUEGA |
|
| 905 | _aLibro | ||
| 999 |
_c34543 _d34543 |
||